[Event "Las Tunas 28 de Enero-C"]
[Site "Las Tunas"]
[Date "2019.01.17"]
[Round "3.2"]
[White "Del Toro Rivera, Flavia Aurora"]
[Black "Blanco Rodriguez, Roxana Salvador"]
[Result "1/2-1/2"]
[WhiteElo "1503"]
[BlackElo "1643"]
[PlyCount "70"]
[EventDate "2019.01.16"]
[EventType "tourn"]
[EventRounds "10"]
[EventCountry "CUB"]
[SourceTitle "EXT 2023"]
[Source "ChessBase"]
[SourceDate "2022.10.05"]
[SourceVersion "1"]
[SourceVersionDate "2022.10.05"]
[SourceQuality "1"]

1. e4 e6 2. d4 d5 3. exd5 exd5 4. Nc3 Bf5 5. Nf3 c6 6. a3 Bd6 7. Bd3 Bxd3 8. Qxd3 Nf6 9. 0-0 0-0 10. Bg5 Nbd7 11. Rfe1 Qc7 12. Re2 h6 13. Bxf6 Nxf6 14. Rae1 Rfe8 15. Ne5 Nd7 16. Nxd7 Qxd7 17. Rxe8+ Rxe8 18. Rxe8+ Qxe8 19. Qe3 Kf8 20. Qxe8+ Kxe8 21. Kf1 f5 22. Ke2 Ke7 23. g3 g5 24. Kf3 Ke6 25. Ne2 Be7 26. Ke3 b6 27. f4 g4 28. b4 c5 29. c3 h5 30. Kd3 c4+ 31. Ke3 b5 32. Ng1 a6 33. h4 Bd8 34. Ne2 Bc7 35. Nc1 Bd8 1/2-1/2

[Event "Tomas Aguilera Angelino Memorial"]
[Site "Ciego de Avila"]
[Date "2018.04.06"]
[Round "4"]
[White "Ulloa Rey, Luis Ernesto"]
[Black "Blanco Rodriguez, Roxana Salvador"]
[Result "1/2-1/2"]
[WhiteElo "1806"]
[BlackElo "2138"]
[PlyCount "41"]
[EventDate "2018.04.05"]
[EventType "swiss"]
[EventRounds "9"]
[EventCountry "CUB"]
[SourceTitle "EXT 2021"]
[Source "ChessBase"]
[SourceDate "2020.10.23"]
[SourceVersion "1"]
[SourceVersionDate "2020.10.23"]
[SourceQuality "1"]

1. d4 Nf6 2. Nf3 e6 3. e3 d5 4. Bd3 Bd6 5. b3 Nbd7 6. Bb2 b6 7. Nbd2 Bb7 8. 0-0 c5 9. Ne5 0-0 10. f4 Ne4 11. Nxe4 dxe4 12. Bb5 Nxe5 13. dxe5 Be7 14. Qxd8 Rfxd8 15. Rad1 f5 16. Bd7 Kf7 17. Bb5 a6 18. Be2 g6 19. Rxd8 Rxd8 20. Rd1 Rxd1+ 21. Bxd1 1/2-1/2

[Event "Bayamo Cespedes tt"]
[Site "Bayamo"]
[Date "2018.03.01"]
[Round "2.1"]
[White "Blanco Rodriguez, Roxana Salvador"]
[Black "Hernandez Gil, Ineymig"]
[Result "1/2-1/2"]
[WhiteElo "1875"]
[BlackElo "1945"]
[PlyCount "40"]
[EventDate "2018.03.01"]
[EventType "team-tourn"]
[EventRounds "10"]
[EventCountry "CUB"]
[EventCategory "1"]
[SourceTitle "CBM 195 Extra"]
[Source "ChessBase"]
[SourceDate "2020.05.31"]
[SourceVersion "1"]
[SourceVersionDate "2020.05.31"]
[SourceQuality "1"]

1. e4 e6 2. d4 d5 3. exd5 exd5 4. Bd3 Bd6 5. Nf3 Nf6 6. 0-0 0-0 7. c3 c6 8. Bg5 h6 9. Bh4 Bg4 10. h3 Bxf3 11. Qxf3 Nbd7 12. Bxf6 Qxf6 13. Qxf6 Nxf6 14. Nd2 Rfe8 15. Rfe1 Kf8 16. Kf1 Rxe1+ 17. Rxe1 Re8 18. Rxe8+ Kxe8 19. Ke2 Ke7 20. Nf3 b6 1/2-1/2